00401nam a2200121Ia 4500008004100000245014000041260001700181260000900198300000800207650002300215650001200238856002900250170516s9999 xx 000 0 und d aKHF16 is a Leading Structure from Cimicifuga foetida that Suppresses Breast Cancer Partially by Inhibiting the NF-κB Signaling Pathway bTheranostics c2016 a6:6 xMedical Technology xMedtech uhttp://www.thno.org/v6i6